| 000 | 00382nam a22001577a 4500 | ||
|---|---|---|---|
| 003 | OSt | ||
| 005 | 20240410112257.0 | ||
| 008 | 190208b xxu||||| |||| 00| 0 eng d | ||
| 020 | _a978-9389835700 | ||
| 040 | _cIIMT UNIVERSITY | ||
| 100 | _aKATIYAR VISHAL | ||
| 245 | _aUTILIZATION OF ELECTRICAL ENERGY | ||
| 260 |
_aMEERUT _bJ P N PUB _c2019 |
||
| 300 | _a145 | ||
| 942 |
_2ddc _c02 |
||
| 999 |
_c44697 _d44697 |
||